JR東海道線 東海区間 駅埋め - Statistics

General Stats
  • This quiz has been taken 40 times
  • The average score is 61 of 83
Answer Stats
Hint Answer % Correct
熱海市 熱海
100%
函南町 函南
100%
三島市 三島
100%
沼津市 沼津
100%
富士市 富士
97%
静岡市 静岡
97%
掛川市 掛川
97%
浜松市 浜松
97%
豊橋市 豊橋
97%
島田市 島田
94%
菊川市 菊川
94%
磐田市 磐田
94%
蒲郡市 蒲郡
94%
岡崎市 岡崎
94%
安城市 安城
94%
刈谷市 刈谷
94%
大府市 大府
94%
名古屋市 名古屋
94%
岐阜市 岐阜
94%
大垣市 大垣
94%
垂井町 垂井
94%
関ケ原町 関ヶ原
94%
米原市 米原
94%
袋井市 袋井
91%
名古屋市 金山
91%
稲沢市 稲沢
91%
一宮市 尾張一宮
91%
富士市 東田子の浦
88%
焼津市 焼津
88%
藤枝市 藤枝
84%
清須市 清洲
84%
岐阜市 西岐阜
84%
静岡市 清水
81%
静岡市 東静岡
81%
幸田町 幸田
81%
沼津市
78%
静岡市 草薙
78%
安城市 三河安城
78%
名古屋市 尾頭橋
78%
富士市 富士川
75%
焼津市 西焼津
75%
浜松市 弁天島
75%
清須市 枇杷島
75%
豊橋市 二川
72%
瑞穂市 穂積
72%
静岡市 新蒲原
69%
静岡市 蒲原
69%
静岡市 興津
69%
島田市 金谷
69%
湖西市 新所原
69%
沼津市 片浜
66%
静岡市 由比
66%
静岡市 安倍川
66%
蒲郡市 三河三谷
66%
名古屋市 熱田
66%
一宮市 木曽川
66%
磐田市 御厨
63%
浜松市 天竜川
63%
名古屋市 笠寺
63%
米原市 近江長岡
63%
静岡市 用宗
59%
豊川市 西小坂井
59%
大府市 共和
59%
米原市 柏原
59%
米原市 醒ケ井
59%
浜松市 高塚
56%
蒲郡市 三河塩津
56%
島田市 六合
53%
袋井市 愛野
53%
名古屋市 南大高
53%
名古屋市 大高
53%
磐田市 豊田町
50%
浜松市 舞阪
50%
湖西市 鷲津
50%
豊川市 愛知御津
50%
蒲郡市 三河大塚
47%
湖西市 新居町
44%
刈谷市 東刈谷
44%
幸田町 相見
41%
岡崎市 西岡崎
41%
刈谷市 野田新町
38%
幸田町 三ヶ根
31%
刈谷市 逢妻
31%
No matching quizzes found
Score Distribution
Percent of People with Each Score
Percentile by Number Answered
Your Score History
You have not taken this quiz